|
|
|
|
| LEADER |
00000cam a2200000 a 4500 |
| 001 |
vtls001117521 |
| 003 |
SK-MaSNL |
| 005 |
20260311133657.0 |
| 008 |
250313s1983 xo oa jrn 000 0 slo |
| 015 |
|
|
|a SNBA1983
|
| 020 |
|
|
|q (viazané)
|
| 035 |
|
|
|a SNK000060364
|
| 035 |
|
|
|a 04AFE24F-B955-455A-B7A7-6C4259F5C2FA
|
| 035 |
|
|
|a urn:nbn:sk:snk-am00igxq
|
| 040 |
|
|
|a SNK
|b slo
|c SNK
|e AACR2
|
| 041 |
0 |
|
|a slo
|
| 043 |
|
|
|a e-cs---
|
| 044 |
|
|
|a xo
|c SK
|
| 072 |
|
7 |
|a 902
|x Archeológia
|2 konspekt
|
| 072 |
|
7 |
|a 903
|x Pravek
|2 konspekt
|
| 072 |
|
7 |
|a 94(3)
|x Dejiny krajín starovekého sveta
|2 konspekt
|
| 080 |
|
|
|a 903
|2 2011
|
| 080 |
|
|
|a 94(3)
|2 2011
|
| 080 |
|
|
|a 902:904
|2 2011
|
| 080 |
|
|
|a 599.611.4
|2 2011
|
| 080 |
|
|
|a (437)
|2 2011
|
| 080 |
|
|
|a 82-93-053.6
|2 2011
|
| 080 |
|
|
|a (0.062)
|2 2011
|
| 080 |
|
|
|a 902.2
|2 2011
|
| 100 |
1 |
|
|a Dvořák, Pavel,
|d 1937-2018
|4 aut
|9 200389
|
| 245 |
1 |
0 |
|a Lovci mamutov a tí druhí
|c Pavel Dvořák ; [ilustroval Jozef Cesnak]
|
| 250 |
|
|
|a 1. vyd.
|
| 260 |
|
|
|a Bratislava
|b Mladé letá
|c 1983
|
| 300 |
|
|
|a 225 strán
|b fotografie, ilustrácie (prevažne farebné)
|c 24 cm
|
| 366 |
|
|
|e 10000 kusov
|
| 500 |
|
|
|a Farebné ilustrácie na frontispice
|
| 504 |
|
|
|a Bibliografia na strane [227]
|
| 521 |
1 |
|
|a Pre čitateľov od 11 rokov
|
| 650 |
0 |
7 |
|a pravek
|2 SNKPH
|9 4261
|
| 650 |
0 |
7 |
|a starovek
|2 SNKPH
|9 4258
|
| 650 |
0 |
7 |
|a mamuty
|2 SNKPH
|9 31358
|
| 650 |
0 |
7 |
|a lovci mamutov
|2 SNKPH
|9 76134
|
| 650 |
0 |
7 |
|a archeologické nálezy
|2 SNKPH
|9 4975
|
| 650 |
0 |
7 |
|a archeologické výskumy
|2 SNKPH
|9 74796
|
| 651 |
|
7 |
|a Československo
|2 SNKPHgeo
|9 21376
|
| 655 |
|
7 |
|a publikácie pre mládež
|2 SNKPH
|9 70434
|
| 655 |
|
7 |
|a populárno-náučné publikácie
|2 SNKPH
|9 70460
|
| 700 |
1 |
|
|a Cesnak, Jozef,
|d 1936-2021
|4 ill
|9 218934
|
| 852 |
|
|
|a Slovenská národná knižnica
|
| 954 |
|
|
|a odborná, vedecká literatúra pôvodná (slovenská)
|2 lita
|
| 958 |
|
|
|a RK
|
| 958 |
|
|
|a TL
|
| 958 |
|
|
|a DB
|
| 958 |
|
|
|a NB
|
| 958 |
|
|
|a SP
|
| 958 |
|
|
|a OND
|
| 999 |
|
|
|c 855294
|d 857224
|
| 952 |
|
|
|t P60, <04>, [BOOK], {604}
|a SNK
|b SNK
|y VYP
|7 0
|p 17A0014653
|o snkSC 60129 D1
|0 0
|1 0
|4 0
|d 1996-10-16
|l 0
|r 2004-12-31 00:00:00
|w 2026-02-24
|
| 952 |
|
|
|a SNK
|b SNK
|y PREZ
|7 0
|p 17A0901107
|o snkSC 60129
|i snkKSP 548/84
|0 0
|1 0
|4 0
|d 2012-08-06
|f 1
|l 0
|r 2025-06-10 00:00:00
|w 2026-02-24
|